Mechanical behavior of engineering materials (Record no. 22120)

000 -LEADER
fixed length control field 00506nam a22001931 4500
001 - CONTROL NUMBER
control field 22120
003 - CONTROL NUMBER IDENTIFIER
control field BD-DhUET
008 - FIXED-LENGTH DATA ELEMENTS--GENERAL INFORMATION
fixed length control field 800331s1962 paua b s000 0 eng
040 ## - CATALOGING SOURCE
Original cataloging agency DLC
Transcribing agency TxCM
Modifying agency BD-DhUET
082 ## - DEWEY DECIMAL CLASSIFICATION NUMBER
Classification number 620.1
Item number MAR/1963
100 ## - MAIN ENTRY--PERSONAL NAME
Personal name Marin, Joseph
245 10 - TITLE STATEMENT
Title Mechanical behavior of engineering materials
250 ## - EDITION STATEMENT
Edition statement 1st ed.
260 ## - PUBLICATION, DISTRIBUTION, ETC. (IMPRINT)
Place of publication, distribution, etc. New Jersey
Name of publisher, distributor, etc. Prentice-Hall
Date of publication, distribution, etc. 1963
300 ## - PHYSICAL DESCRIPTION
Extent x, 502 p.
Other physical details ill.
504 ## - BIBLIOGRAPHY, ETC. NOTE
Bibliography, etc Includes bibliographies
650 #0 - SUBJECT ADDED ENTRY--TOPICAL TERM
Topical term or geographic name as entry element Applied mechanics
942 ## - ADDED ENTRY ELEMENTS (KOHA)
Koha item type General Book
Holdings
Koha full call number Date acquired Koha date last borrowed Koha normalized classification for sorting Not for loan Withdrawn status Koha item type Copy number Lost status Damaged status Source of classification or shelving scheme Koha date last seen Koha out on loan Location (home branch) Koha issues (times borrowed) Shelving location Sublocation or collection (holding branch) Price effective from Piece designation (barcode)
620.1/MAR/19632015-04-23 620_100000000000000_MAR_1963  General Book1   2015-04-23 Central Library, BUET Circulation sectionCentral Library, BUET2015-04-2321007
620.1/MAR/19632015-04-232022-07-03620_100000000000000_MAR_1963  General Book2   2022-07-032023-07-03Central Library, BUET1Circulation sectionCentral Library, BUET2015-04-231571
620.1/MAR/19632015-04-25 620_100000000000000_MAR_1963  General Book3   2015-04-25 Central Library, BUET Circulation sectionCentral Library, BUET2015-04-251570
620.1/MAR/19632015-04-30 620_100000000000000_MAR_1963  General Book4   2015-04-30 Central Library, BUET Circulation sectionCentral Library, BUET2015-04-3025732
620.1/MAR/19632015-08-23 620_100000000000000_MAR_1963  General Book5   2015-08-23 Central Library, BUET Circulation sectionCentral Library, BUET2015-08-2317659